000 00627nam a22001937a 4500
003 DO-SdBNP
005 20180222100336.0
008 151118b 2006 enk ||||| |||| 00| 0 spa d
020 _a2350240444
040 _aBPMSU
_bspa
_cBPMSU
100 1 _aBeaumont, Leprince de
245 1 0 _aLa Bella y la Bestia /
_cSeñora Leprince de Beaumont ; illustrations Déborah Mocellin.
260 _aÉtampes, Francia :
_bLire c'est partir, impr.
_c2006.
300 _a53 p. :
_bil. ;
_c18 cm.
700 1 2 _aMocellin, Déborah,
_eil.
942 _2ddc
_cBK
945 _aInventariado, 2018 /LP
956 _aLOPEREZ
_b10
_c20180222
_hBPMSU
999 _c8797
_d8797